History Quiz

Random History or Art Quiz
Score 0/12 Timer 04:00
1 Play Today
% Correct
The Blue Room
94.1%
Three Musicians
91.4%
The Old Guitarist
91.2%
Girl Before a Mirror
87.3%
Guernica
85.7%
The Actor
83.1%
Jacqueline
82.3%
Les Demoiselles d'Avignon
81.5%
The Weeping Woman
77.4%
Seated Woman
74.7%
Garçon à la Pipe
71.5%
The Accordionist
62.6%
Remove Ads.
Support Sporcle.
Get the best of Sporcle when you Go Orange. This ad-free experience offers more features, more stats, and more fun while also helping to support Sporcle. Thank you for becoming a member.

You're not logged in!

Compare scores with friends on all Sporcle quizzes.
OR
Log In

Sporcle TV

Today on Sporcle TV


Watch our educational content, quiz creation guides, and fun videos on Sporcle TV.

Show Comments

Extras

Top Quizzes Today


Score Distribution

Paid Content

Your Account Isn't Verified!

In order to create a playlist on Sporcle, you need to verify the email address you used during registration. Go to your Sporcle Settings to finish the process.

Report this User

Report this user for behavior that violates our Community Guidelines.

Details: